00450pab a2200145 454500008004000000100001700040245013300057260000900190300001400199362000800213650001700221650001900238650001600257773003100273180718b2015 xxu||||| |||| 00| 0 eng d aNair, Rashmy aThe right to fair compensation and transparency in land acquisition, rehabilitation and resettlement act-2013: A critical review c2015 ap.82-100. aMar aResettlement aRehabilitation aLand tenure aASCI Journal of Management